000 00394cam a2200157 4500
001 J111246
008 000000n1897 000 0 eng u
035 _a(Sirsi) u111246
050 _a346.410434
100 _aMacer, Alfred T
245 _aDilapidations : law and practice.
250 _a2nd ed.
260 _aLondon
_bEstates Gazette
_c1897
300 _aviii,150p. ; 19cm.
942 _n0
999 _c101215
_d101215